Livre à l'auteur n°15 - Statistiques

Statistiques générales
  • Ce quiz a été pris 148 fois
  • Le résultat moyen est 5 sur 14
Statistiques - réponses
Livre Auteur % Correct
Le Tartuffe Molière
98%
Le Petit Nicolas a des ennuis René Goscinny
73%
Oliver Twist Charles Dickens
68%
L’Ingénu Voltaire
55%
L'Homme révolté Albert Camus
42%
La Montagne magique Thomas Mann
41%
L'art de la guerre Sun Tzu
38%
Tropique du Capricorne Henry Miller
33%
Une prière pour Owen John Irving
18%
Les Maîtres sonneurs George Sand
16%
Le Jeu des perles de verre Hermann Hesse
12%
Série Fifi Brindacier Astrid Lindgren
11%
Le Roman de monsieur de Molière Mikhaïl Boulgakov
9%
Cartes postales Annie Proulx
7%
Aucun quiz correspondant
Distribution des résultats
% des personnes avec chaque résultat
Percentile par nombre de réponses
Votre historique - résultats
Vous n’avez pas pris ce quiz